<?xml version="1.0" encoding="UTF-8"?>
<record
    xmlns:xsi="http://www.w3.org/2001/XMLSchema-instance"
    xsi:schemaLocation="http://www.loc.gov/MARC21/slim http://www.loc.gov/standards/marcxml/schema/MARC21slim.xsd"
    xmlns="http://www.loc.gov/MARC21/slim">

  <leader>00879nam a22001937a 4500</leader>
  <datafield tag="999" ind1=" " ind2=" ">
    <subfield code="c">61021</subfield>
    <subfield code="d">61021</subfield>
  </datafield>
  <controlfield tag="005">20231207120100.0</controlfield>
  <controlfield tag="008">231207s1988    ru ||||| |||| 00| 0 rus d</controlfield>
  <datafield tag="020" ind1=" " ind2=" ">
    <subfield code="a">5090008892</subfield>
  </datafield>
  <datafield tag="080" ind1=" " ind2=" ">
    <subfield code="a">94(37/38)(092) &#x411;-86</subfield>
  </datafield>
  <datafield tag="100" ind1=" " ind2=" ">
    <subfield code="a">&#x411;&#x43E;&#x442;&#x432;&#x438;&#x43D;&#x43D;&#x438;&#x43A;, &#x41C;.&#x41D;.</subfield>
    <subfield code="9">20616</subfield>
  </datafield>
  <datafield tag="245" ind1=" " ind2=" ">
    <subfield code="a">&#x416;&#x438;&#x437;&#x43D;&#x435;&#x43E;&#x43F;&#x438;&#x441;&#x430;&#x43D;&#x438;&#x44F; &#x437;&#x43D;&#x430;&#x43C;&#x435;&#x43D;&#x438;&#x442;&#x44B;&#x445; &#x433;&#x440;&#x435;&#x43A;&#x43E;&#x432; &#x438; &#x420;&#x438;&#x43C;&#x43B;&#x44F;&#x43D; /</subfield>
    <subfield code="c"> &#x41C;.&#x41D;. &#x411;&#x43E;&#x442;&#x432;&#x438;&#x43D;&#x43D;&#x438;&#x43A;, &#x41C;.&#x411;. &#x420;&#x430;&#x431;&#x438;&#x43D;&#x43E;&#x432;&#x438;&#x447;, &#x413;. &#x410;. &#x421;&#x442;&#x440;&#x430;&#x442;&#x430;&#x43D;&#x43E;&#x432;&#x441;&#x43A;&#x438;&#x439;.</subfield>
  </datafield>
  <datafield tag="264" ind1=" " ind2=" ">
    <subfield code="a">&#x41C;.:</subfield>
    <subfield code="b">&#x41F;&#x440;&#x43E;&#x441;&#x432;&#x435;&#x449;&#x435;&#x43D;&#x438;&#x435;, </subfield>
    <subfield code="c"> 1988. </subfield>
  </datafield>
  <datafield tag="300" ind1=" " ind2=" ">
    <subfield code="a"> 166 &#x441;.:   </subfield>
    <subfield code="b">&#x438;&#x43B;&#x43B;. ;</subfield>
    <subfield code="c">23 &#x441;&#x43C;.</subfield>
  </datafield>
  <datafield tag="653" ind1=" " ind2=" ">
    <subfield code="a">&#x10D1;&#x10D4;&#x10E0;&#x10EB;&#x10DC;&#x10D4;&#x10D1;&#x10D8;&#x10E1;&#x10D0; &#x10D3;&#x10D0; &#x10E0;&#x10DD;&#x10DB;&#x10D0;&#x10D4;&#x10DA;&#x10D4;&#x10D1;&#x10D8;&#x10E1; &#x10EA;&#x10EE;&#x10DD;&#x10D5;&#x10E0;&#x10D4;&#x10D1;&#x10D0;</subfield>
  </datafield>
  <datafield tag="653" ind1=" " ind2=" ">
    <subfield code="a">&#x10D8;&#x10E1;&#x10E2;&#x10DD;&#x10E0;&#x10D8;&#x10D0;</subfield>
  </datafield>
  <datafield tag="700" ind1=" " ind2=" ">
    <subfield code="a">&#x420;&#x430;&#x431;&#x438;&#x43D;&#x43E;&#x432;&#x438;&#x447;, &#x41C;.&#x411;.</subfield>
    <subfield code="e">&#x10D0;&#x10D5;&#x10E2;&#x10DD;&#x10E0;&#x10D8;</subfield>
    <subfield code="9">20617</subfield>
  </datafield>
  <datafield tag="700" ind1=" " ind2=" ">
    <subfield code="a">&#x421;&#x442;&#x440;&#x430;&#x442;&#x430;&#x43D;&#x43E;&#x432;&#x441;&#x43A;&#x438;&#x439;, &#x413;. &#x410;. </subfield>
    <subfield code="e">&#x10D0;&#x10D5;&#x10E2;&#x10DD;&#x10E0;&#x10D8;</subfield>
    <subfield code="9">20618</subfield>
  </datafield>
  <datafield tag="942" ind1=" " ind2=" ">
    <subfield code="2">udc</subfield>
    <subfield code="c">&#x1CAC;&#x1C98;&#x1C92;&#x1C9C;&#x1C98;</subfield>
  </datafield>
  <datafield tag="952" ind1=" " ind2=" ">
    <subfield code="0">0</subfield>
    <subfield code="1">0</subfield>
    <subfield code="2">udc</subfield>
    <subfield code="4">0</subfield>
    <subfield code="6">943738092_&#x411;86</subfield>
    <subfield code="7">0</subfield>
    <subfield code="9">97275</subfield>
    <subfield code="a">CPL</subfield>
    <subfield code="b">CPL</subfield>
    <subfield code="c">GEN</subfield>
    <subfield code="d">2023-12-07</subfield>
    <subfield code="g">8.00</subfield>
    <subfield code="o">94(37/38)(092) &#x411;-86</subfield>
    <subfield code="p">65545</subfield>
    <subfield code="r">2023-12-07</subfield>
    <subfield code="t">65545</subfield>
    <subfield code="u">&#x10D1;&#x10E1;&#x10E3;-&#x10E1; &#x10E1;&#x10D0;&#x10DE;&#x10D0;&#x10E2;&#x10D8;&#x10DD; &#x10D3;&#x10DD;&#x10E5;&#x10E2;&#x10DD;&#x10E0;&#x10D8;&#x10E1; &#x10D2;&#x10E3;&#x10E0;&#x10D0;&#x10DB; &#x10DA;&#x10DD;&#x10E0;&#x10D7;&#x10E5;&#x10D8;&#x10E4;&#x10D0;&#x10DC;&#x10D8;&#x10EB;&#x10D8;&#x10E1; &#x10E1;&#x10D0;&#x10E9;&#x10E3;&#x10E5;&#x10D0;&#x10E0;&#x10D8;</subfield>
    <subfield code="w">2023-12-07</subfield>
    <subfield code="y">&#x1CAC;&#x1C98;&#x1C92;&#x1C9C;&#x1C98;</subfield>
    <subfield code="z">8 &#x10DA;.</subfield>
  </datafield>
</record>
